Village de naissance de célébrités françaises - Statistiques

Statistiques générales
  • Ce quiz a été pris 37 fois
  • Le résultat moyen est 5 sur 20
Statistiques - réponses
Hint Explanation Réponse % Correct
Kamini 488 habitants (2021) Marly-Gomont (02)
74%
Jean Lassalle 137 habitants (2021) Lourdios-Ichère (64)
53%
François Bayrou 672 habitants (2021) Bordères (64)
42%
D'Artagnan 310 habitants (2021) Lupiac (32)
37%
Bourvil 232 habitants (2021) Prétot-Vicquemare (76)
37%
Marquis de Lafayette 268 habitants (2021) Chavaniac-Lafayette (43)
26%
Georges Pompidou 165 habitants (2021) Montboudif (15)
26%
Séraphine Louis (de Senlis) 801 habitants (2021) Arsy (60)
21%
Pierre-Simon Laplace 398 habitants (2021) Beaumont-en-Auge (14)
21%
Georges Gilles de la Tourette 1 324 habitants (2021) Saint-Gervais-les-Trois-Clochers (86)
21%
Françoise Sagan 1 119 habitants (2021) Cajarc (46)
16%
Sim 866 habitants (2021) Cauterets (65)
16%
Georges Marchais 662 habitants (2021) La Hoguette (14)
16%
Igor et Grichka Bogdanoff 276 habitants (2021) Saint-Lary (32)
16%
Philippe Leclerc 88 habitants (2021) Belloy-Saint-Léonard (80)
11%
Pierre Bayle 796 habitants (2021) Carla-Bayle (09)
11%
Nathalie Baye 449 habitants (2021) Mainneville (27)
11%
Jean-Michel Apathie 295 habitants (2021) Moncayolle-Larrory-Mendibieu (64)
11%
Raymond Poulidor 1 125 habitants (2021) Saint-Dizier-Masbaraud (23)
11%
Patrice de Mac-Mahon 489 habitants (2021) Sully (71)
5%
Aucun quiz correspondant
Distribution des résultats
% des personnes avec chaque résultat
Percentile par nombre de réponses
Votre historique - résultats
Vous n’avez pas pris ce quiz